Vista normal Vista MARC

Entrada Materia (personas)

Número de registros utilizados en: 2

001 - CONTROL NUMBER

  • control field: 76482

003 - CONTROL NUMBER IDENTIFIER

  • control field: Co-BoUCM

005 - DATE AND TIME OF LATEST TRANSACTION

  • control field: 20160408093158.0

008 - FIXED-LENGTH DATA ELEMENTS

  • fixed length control field: 160408|| aca||aabn | a|a d

040 ## - CATALOGING SOURCE

  • Original cataloging agency: Co-BoUCM
  • Transcribing agency: Co-BoUCM

100 ## - HEADING--PERSONAL NAME

  • Personal name: Ségur, Philippe-Henri, marquis de
  • Dates associated with a name: 1724-1801

670 ## - SOURCE DATA FOUND

  • Source citation: Work cat.: (Co-BoUCM): Ségur, Philippe-Henri, marquis de 1724-1801, Mgr. De Ségur. Souvenirs et récit d’un frère Première partie, de 1820 à 1856 Deuxième partie, de 1856 à 1881, 1884